00734nam a2200241 a 4500001001300000003000900013005001700022008004100039020002300080082001600103100001900119245006900138260004600207300000900253500003500262505001000297650002500307700001900332902000800351942000700359952010900366999001700475nice12345678IN_TiNIC20260116014713.0120720s1997 pana grp 000 0 eng  a8170582814 c25000a181.04bAUR aAurobindo, Sri aHuman Cycleb The Idea of Human Unity War and Self-Determination aPandicherry bSri Aurobindo Ashram c1997 a689p aincludes index and biblioraphy2 aIndex aAurobindo-Philosophy1 aAurobindo, Sri bSRS cBK 00104070aHMIbHMId2012-07-20g250.00l1o181.04 AURp023838r2018-12-13s2018-09-17w2026-01-16yEB c16547d16547